| 000 | 00666nam a2200205Ia 4500 | ||
|---|---|---|---|
| 003 | GCL | ||
| 008 | 140319s9999 xx 000 0 ara d | ||
| 040 |
_aGCL / _cGCL |
||
| 082 | 0 | 4 |
_a810.8036 _bج ك |
| 100 | 1 | _aمحمد عبدالقادر احمد عطا | |
| 245 | 1 | 0 |
_aكتاب الخيل / _cمحمد عبدالقادر احمد عطا |
| 700 | 1 | _aالتيمى: ابوعبيدة معمر بن المثنى | |
| 260 |
_a[S.N] : _bمطبعة النهضة العربية ، _c1986 |
||
| 300 | _a368 ص | ||
| 490 | _a | ||
| 650 | 0 | 4 | _aالشعر العربى |
| 650 | 0 | 4 | _aدواوين وقصائد |
| 650 | 0 | 4 | _aالخيل فى الادب |
| 942 |
_2ddc _cBK |
||
| 999 |
_c29831 _d29831 |
||